000 00725nam a2200265Ia 4500
003 OSt
005 20220918165920.0
006 a|||||r|||| 00| 0
007 ta
008 220917b |||||||| |||| 00| 0 eng d
020 _a8180900622 (hb)
024 _a231,072
037 _cTextual
040 _aARTS
_cARTS
_beng
041 _2eng
_aeng
082 _aR66, P6(P15)
100 _aMahadevan T.M.P.
_95630
245 0 _aPhilosophy of advaita
260 _aDelhi
_bBharatiya Kala Prakashan India
_c1938
300 _axv,256p.
_ccm.
500 _aFirst Revised Edition : 2006
650 _aADVAITA PHILOSOPHY
_9790
942 _hR66, P6(P15)
_cTEXL
_2CC
999 _c131718
_d131718